UNC Basketball - All Time Leaders - Statistics

General Stats
  • This quiz has been taken 37 times
  • The average score is 19 of 50
Answer Stats
Hint Answer % Correct
2,872 Tyler Hansbrough
100%
1,219 Tyler Hansbrough
100%
2,725 RJ Davis
88%
2,347 Armando Bacot
79%
1,715 Armando Bacot
79%
216 Armando Bacot
79%
602 Marcus Paige
71%
203 Marcus Paige
71%
1,974 Antawn Jamison
56%
1,027 Antawn Jamison
56%
1,035 Brice Johnson
56%
163 Brice Johnson
56%
2,290 Phil Ford
53%
753 Phil Ford
53%
608 Ty Lawson
47%
184 Ty Lawson
47%
768 Kenny Smith
44%
195 Kenny Smith
44%
1,052 Kennedy Meeks
41%
697 Raymond Felton
41%
191 Raymond Felton
41%
2,145 Sam Perkins
35%
1,167 Sam Perkins
35%
245 Sam Perkins
35%
161 Scott Williams
32%
1,030 Ed Cota
29%
192 Ed Cota
29%
581 Kendall Marshall
29%
156 Rasheed Wallace
29%
1,003 Brad Daugherty
26%
169 Eric Montross
26%
2,047 Lennie Rosenbluth
26%
1,062 Billy Cunningham
24%
2,007 Charlie Scott
24%
304 Brendan Haywood
21%
279 Josh Henson
18%
637 Derrick Phelps
15%
247 Derrick Phelps
15%
1,097 George Lynch
15%
241 George Lynch
15%
2,015 Al Wood
12%
1,982 Larry Miller
12%
629 King Rice
9%
1,006 Mitch Kupchak
9%
197 Rick Fox
9%
190 Dudley Bradley
6%
580 Jeff Lebo
6%
174 Kevin Salvadori
6%
183 Mike O'Koren
3%
190 Warren Martin
3%
No matching quizzes found
Score Distribution
Percent of People with Each Score
Percentile by Number Answered
Your Score History
You have not taken this quiz